00435pab a2200145 454500008004000000100002700040245007700067260000900144300001400153362001200167650004200179650003400221700001700255773001700272180718b2007 xxu||||| |||| 00| 0 eng d aMahalinga Siva, M.S.A. aDeveloping a conceptual model of NGO effectiveness in the Indian context c2007 ap.212-23. aJul-Sep aNongovernmental organizations - India aNongovernmental organizations aRoy, Santanu aProductivity